000 00326nam a2200121Ia 4500
008 220204s9999 xx 000 0 und d
082 _a681.322
_bJAI
100 _aAnand, M M S
245 0 _aDigital electronics practice using integrated circuits
260 _aNew Delhi
_bTata McGraw Hill
_c1986
700 _aR P
942 _cBK
999 _c39301
_d39301